| 000 | 00691nam a2200229 a 4500 | ||
|---|---|---|---|
| 005 | 20260415064206.0 | ||
| 008 | 010615s1998 mx r 000 0 spa d | ||
| 020 |
_a8489967067 v.1 _a8489967679 v.2 |
||
| 035 | _aUPN01000108451 | ||
| 049 | _aCG | ||
| 050 | 4 |
_aLB1051 _bG3.3 1998 |
|
| 100 | 1 |
_aGarcía Vidal, Jesús _931197 |
|
| 245 | 1 | 0 |
_aEvaluación e informe psicopedagógico / _cJ.G. Vidal, D.G. Manjón. |
| 250 | _a3a ed. | ||
| 260 |
_aMadrid : _bEOS, _c1998. |
||
| 300 | _a2 vols. | ||
| 650 | 4 |
_aPsicopedagogía _95085 |
|
| 650 | 2 |
_aEvaluación psicológica _98411 |
|
| 650 | 4 |
_aEvaluación educativa _94298 |
|
| 700 | 1 |
_aGonzález Manjón, Daniel, _ecoaut. _928884 |
|
| 905 | _aLibro | ||
| 999 |
_c82363 _d82363 |
||